000 00275nam a22001217a 4500
008 170525b xxu||||| |||| 00| 0 eng d
041 _aGER
080 _a621
100 _a26
101 _aIM
245 _aELECTROTECHNIK FUR MASSCHINESNENBAUER
_cLINSE.H
942 _2udc
_cBK
999 _c14248
_d14248